000 nam a22 7a 4500
999 _c128515
_d128515
008 181108b xxu||||| |||| 00| 0 eng d
050 _aHN37.C3 G962
245 _aIn pursuit of human progress:
_ban outline of catolic social teaching
260 _aLondon:
_bCafod,
_c1988.
300 _aix, 43p.;
_c24cm.
700 _aGuilly, Lester R.
_ecompiler
_943286
942 _2lcc
_cMONOGRAPH